logo

Bir Sreshtho Munshi Abdur Rouf Library
Jhenaidah Cadet College

The success system that never fails / (Record no. 1970)

MARC details
000 -LEADER
fixed length control field 00699nam a2200265 a 4500
001 - CONTROL NUMBER
JCCL Control Number 1970
003 - CONTROL NUMBER IDENTIFIER
JCCL marc code BD-JhCC
005 - DATE AND TIME OF LATEST TRANSACTION
control field 20190925134018.0
008 - FIXED-LENGTH DATA ELEMENTS--GENERAL INFORMATION
fixed length control field 721213s2010 vaua 000 0 eng d
020 ## - INTERNATIONAL STANDARD BOOK NUMBER
International Standard Book Number 1604599316
020 ## - INTERNATIONAL STANDARD BOOK NUMBER
International Standard Book Number 9781604599312
035 ## - SYSTEM CONTROL NUMBER
system control number (BD-JhCC)1970
040 ## - CATALOGING SOURCE
Original cataloging agency DLC
Transcribing agency DLC
Modifying agency DLC
-- BD-JhCC
041 ## - LANGUAGE CODE
Language code of Book eng
050 00 - LIBRARY OF CONGRESS CALL NUMBER
Classification number BJ1611.2
Item number .S7
082 00 - DEWEY DECIMAL CLASSIFICATION NUMBER
Classification number 158.1
DDC Edition number 23
Author mark and Year STO 2010
100 1# - MAIN ENTRY--PERSONAL NAME
Personal name Stone, W. Clement,
Dates associated with a name 1902-2002.
245 04 - TITLE STATEMENT
Title The success system that never fails /
Statement of responsibility, etc W. Clement Stone,
250 ## - EDITION STATEMENT
Edition statement 1st Edi.
260 ## - PUBLICATION, DISTRIBUTION, ETC. (IMPRINT)
Place of publication, distribution, etc Montgomery
Name of publisher, distributor, etc Wilder Publication
Date of publication, distribution, etc c 2010
300 ## - PHYSICAL DESCRIPTION
Pagination 246 p.
Other physical details illus.
Dimensions 24 cm.
650 #0 - SUBJECT ADDED ENTRY--TOPICAL TERM
Topical term or geographic name as entry element Success.
942 ## - ADDED ENTRY ELEMENTS (KOHA)
Source of classification or shelving scheme Dewey Decimal Classification
Koha item type Books
Koha issues (borrowed), all copies 1
Holdings
Source of classification or shelving scheme Damaged status Not for loan Home library Current library Shelving location Date of accession Total Checkouts Full call number Barcode Date last seen Date checked out Copy number Koha item type
Dewey Decimal Classification     JCC Rouf Library JCC Rouf Library General Stacks 10/26/2017 1 158.1 STO 2010 3348 02/22/2020 09/24/2019 C-1 Books

JCC Library | Contacts | JCC Home

Last Update on 23 September 2017
Copyright @ 2017-2020 JCC Rouf Library
Rouf Library, Jhenidah Cadet College (JCC), Bangladesh